| 000 | 00836cam a2200217 4500 | ||
|---|---|---|---|
| 001 | WB3729-16 | ||
| 008 | 010724n2001 000 0 eng u | ||
| 035 | _a(Sirsi) u113730 | ||
| 245 | _aLondon housing prices freeze out key workers | ||
| 260 | _c2001 | ||
| 490 |
_aEstates Gazette _v(0129) 21 July 2001, 36(1) |
||
| 520 | _aA study for the Centre for Economics & Business Research has found housing costs in London are 56% higher than the national average. The report reinforces concerns about the lack of accommodation for key workers in London on middle as well as low incomes. | ||
| 590 | _aWB | ||
| 650 | _aCORPORATION OF LONDON | ||
| 650 | _aKEY WORKERS | ||
| 650 | _aHOUSING COSTS | ||
| 650 | _aVACANCY RATE | ||
| 650 | _aLONDON | ||
| 690 | _aPROPERTY-RESIDENTIAL PROPERTY-RESIDENTIAL PROPERTY MARKET | ||
| 942 | _n0 | ||
| 999 |
_c67759 _d67759 |
||